O barquinho Ubaldo e o Rio Doce (Record no. 195435)

MARC details
000 -LÍDER
campo de controle de tamanho fixo 00409 a2200169 4500
001 - NÚMERO DE CONTROLE
campo de controle 195435
020 ## - ISBN - INTERNATIONAL STANDARD BOOK NUMBER
ISBN - International Standard Book Number 978-85-69815-32-7
040 ## - FONTE DA CATALOGAÇÃO
Instituição que transcreveu o registro Magnum
100 ## - ENTRADA PRINCIPAL--NOME PESSOAL
Nome pessoal Gonçalves, Regina Celes de Oliveira
240 10 - TÍTULO UNIFORME
Título uniforme O barquinho Ubaldo e o Rio Doce
Idioma da obra por
245 10 - TÍTULO
Título O barquinho Ubaldo e o Rio Doce
300 ## - DESCRIÇÃO FÍSICA
Extensão 24
362 0# - DATAS DE PUBLICAÇÃO E/OU DESIGNAÇÃO SEQUENCIAL
Datas de publicação e/ou designação sequencial 2020
440 #1 - DECLARAÇÃO DE SÉRIE/ENTRADA ADICIONADA--TÍTULO
Título Eis editora
697 ## - ENTRADA DE ASSUNTO LOCAL--ENTIDADE COLETIVA (RLIN)
Nome corporativo ou nome da jurisdição LITERATURA INFANTO
942 ## - ELEMENTOS DE ENTRADA ADICIONADOS (KOHA)
Tipo de material Koha Livros
Holdings
Situação do descarte Situação das perdas Situação física Não pode ser emprestado Biblioteca de origem Biblioteca atual Data de aquisição Total de empréstimos Número de chamada completo Código de barras Data de último acesso Data do preço efetivo Tipo de material Koha
        Magnum Magnum 08/06/2024   869.1.1801 MAG00076689 08/06/2024 08/06/2024 Livros